Institutional stress and the federal district courts: Judicial emergencies, vertical norms, and pretrial dismissals

Guardado en:  
Detalles Bibliográficos
Autor principal: Knudsen, Daniel J. (Autor)
Tipo de documento: Print Artículo
Lenguaje:Inglés
Publicado: 2014
En: Utah law review
Año: 2014, Número: 1, Páginas: 187-217
Verificar disponibilidad: HBZ Gateway

MARC

LEADER 00000caa a22000002c 4500
001 1912593408
003 DE-627
005 20250116055020.0
007 tu
008 241217s2014 xx ||||| 00| ||eng c
035 |a (DE-627)1912593408 
035 |a (DE-599)KXP1912593408 
040 |a DE-627  |b ger  |c DE-627  |e rda 
041 |a eng 
084 |a 2,1  |2 ssgn 
100 1 |a Knudsen, Daniel J.  |e VerfasserIn  |4 aut 
245 1 0 |a Institutional stress and the federal district courts: Judicial emergencies, vertical norms, and pretrial dismissals 
264 1 |c 2014 
336 |a Text  |b txt  |2 rdacontent 
337 |a ohne Hilfsmittel zu benutzen  |b n  |2 rdamedia 
338 |a Band  |b nc  |2 rdacarrier 
773 0 8 |i Enthalten in  |t Utah law review  |d Salt Lake City, Utah : Utah Law Review Assoc., 1949  |g (2014), 1, Seite 187-217  |w (DE-627)16820536X  |w (DE-600)702706-0  |w (DE-576)015946258  |x 0042-1448  |7 nnas 
773 1 8 |g year:2014  |g number:1  |g pages:187-217 
787 0 8 |i Forschungsdaten  |a Federal Judicial Center  |t Federal Court Cases: Integrated Data Base, 2009  |d [Erscheinungsort nicht ermittelbar] : [Verlag nicht ermittelbar], 2011  |w (DE-627)1840045507 
787 0 8 |i Forschungsdaten  |a Federal Judicial Center  |t Federal Court Cases: Integrated Data Base, 2008  |d [Erscheinungsort nicht ermittelbar] : [Verlag nicht ermittelbar], 2009  |w (DE-627)1840045485 
787 0 8 |i Forschungsdaten  |a Federal Judicial Center  |t Federal Court Cases: Integrated Database, 2007  |d [Erscheinungsort nicht ermittelbar] : [Verlag nicht ermittelbar], 2008  |w (DE-627)1840045477 
787 0 8 |i Forschungsdaten  |a Federal Judicial Center  |t Federal Court Cases: Integrated Data Base, 2006  |d [Erscheinungsort nicht ermittelbar] : [Verlag nicht ermittelbar], 2007  |w (DE-627)1840045469 
935 |a mkri 
951 |a AR 
ELC |b 1 
LOK |0 000 xxxxxcx a22 zn 4500 
LOK |0 001 4637558913 
LOK |0 003 DE-627 
LOK |0 004 1912593408 
LOK |0 005 20241217044616 
LOK |0 008 241217||||||||||||||||ger||||||| 
LOK |0 035   |a (DE-2619)ICPSR137000 
LOK |0 040   |a DE-2619  |c DE-627  |d DE-2619 
LOK |0 092   |o n 
LOK |0 852   |a DE-2619 
LOK |0 852 1  |9 00 
LOK |0 935   |a nacp 
LOK |0 939   |a 17-12-24  |b l01 
ORI |a SA-MARC-krimdoka001.raw